000 01226nam a2200253Ia 4500
999 _c36684
_d36684
001 2611
003 GE_BSU
005 20211108102452.0
008 181216s2008||||ge |||||||||||||| ||geo||
020 _a9789994062072
040 _cGE_BSU
041 _ageo
080 _a338.48(075.8) მ–59
100 _aმეტრეველი, მარინა
_911911
245 _aტურიზმისა და სტუმარმასპინძლობის საფუძვლები = Tourism and hospitality /
_c[მარინა მეტრეველი ; სარედ. კოლ.: მარი წერეთელი და სხვ.].
264 _aთბ.:
_bშპს "ფორმა'',
_c2008.
300 _a470 გვ.
_bსურ., ცხრ. ;
_c21 სმ.
504 _aბიბლიოგრ.: გვ. 465-468.
653 _aტურიზმისა და სტუმარმასპინძლობის საფუძვლები
653 _aტურიზმი
653 _a სტუმარმასპინძლობა
700 _aწერეთელი, მარი და სხვ.
_eრედაქტორი
_911912
942 _cBK
_2udc